00791nam a2200217Ia 4500003000900000008004100009020001800050040001600068080001600084245018700100260004800287300001400335490005300349650002700402650002200429650002400451650002100475700002400496700002700520700002600547IN-BaIIA211028s9999 xx 000 0 eng d a0-521-75577-8 cIIA Library a524.77bCLU 0aClusters of galaxiesbprobes of cosmological structure and galaxy evolutioncedited by John S. Mulchaey, Alan Dressler and Augustus Oemler  aCambridgebCambridge University Pressc2004 axv, 381p. aCarnegie observatories astrophysics series; v. 3 aCosmological structure aGalaxy clustering aGalaxy distribution aGalaxy evolution aDressler, Alan, ed. aMulchaey, John S., ed. aOemler, Augustus, ed.